000
00294nam a22001337a 4500
008
190227b xxu||||| |||| 00| 0 eng d
020
_a
wrigenv0201
041
_a
eng
080
_2
8th
_a
574
100
_a
9
101
_a
MJE
245
_a
Environmental Science
_c
Wright, R.T
942
_2
udc
_c
BK
999
_c
54347
_d
54347